Guía viva de ortodoxos y heterodoxos en la poesía gallega : (Record no. 182175)

MARC details
000 -LEADER
campo de control de longitud fija 00896nam a2200229 i 4500
001 - NÚMERO DE CONTROL
campo de control 182175
003 - IDENTIFICADOR DE NÚMERO DE CONTROL
campo de control ES-MaACL
005 - FECHA Y HORA DE LA ÚLTIMA TRANSACCIÓN
campo de control 20240510063150.0
008 - DATOS DE LONGITUD FIJA--INFORMACIÓN GENERAL
campo de control de longitud fija 130621s2012 sp | |||||||| | spa d
020 ## - NÚMERO INTERNACIONAL ESTÁNDAR DEL LIBRO
Número Internacional Estándar del Libro 978-84-7731-542-1
080 ## - NÚMERO DE LA CLASIFICACIÓN DECIMAL UNIVERSAL
Número de la Clasificación Decimal Universal 821.134.2(460.11)-14"19"(082.2)
245 00 - MENCIÓN DEL TÍTULO
Título Guía viva de ortodoxos y heterodoxos en la poesía gallega :
Resto del título apuntes para no disolverse en la común semilla del tiempo /
Mención de responsabilidad, etc. edición de Antonino Nieto Rodríguez.
260 ## - PUBLICACIÓN, DISTRIBUCIÓN, ETC.
Lugar de publicación, distribución, etc. Madrid :
Nombre del editor, distribuidor, etc. Endymion,
Fecha de publicación, distribución, etc. D.L. 2012.
300 ## - DESCRIPCIÓN FÍSICA
Extensión 886 p. ;
Dimensiones 20 cm.
490 1# - MENCIÓN DE SERIE
Mención de serie Poesía (Ediciones Endymion) ;
Designación de volumen o secuencia 323
650 #4 - PUNTO DE ACCESO ADICIONAL DE MATERIA--TÉRMINO DE MATERIA
Término de materia o nombre geográfico como elemento de entrada Poesías españolas-
Subdivisión geográfica Galicia.
9 (RLIN) 144044
700 1# - ENTRADA AGREGADA--NOMBRE PERSONAL
Nombre de persona Nieto Rodríguez, Antonino.
9 (RLIN) 152971
830 0# - PUNTO DE ACCESO ADICIONAL DE SERIE-TÍTULO UNIFORME
Título uniforme Poesía (Ediciones Endymion) ;
Designación de volumen o secuencia 323
9 (RLIN) 191744
852 ## - LOCALIZACIÓN
Ubicación ES-MaACL
Número de control de estantería A-12740
itemnumber 189086
Sublocalización o colección R.148995
Ubicación en estantería Depósito 1
Signatura antigua Olim: N-5740
942 ## - ELEMENTOS DE ENTRADA SECUNDARIOS (KOHA)
Fuente del sistema de clasificación o colocación Clasificación decimal universal
Tipo de ítem Koha Libro impreso
Holdings
Estatus retirado Estado de pérdida Fuente del sistema de clasificación o colocación Estado de daño No para préstamo Biblioteca de origen Biblioteca actual Ubicación en estantería Fecha de adquisición Fuente de adquisición Total de préstamos Signatura topográfica completa Código de barras Visto por última vez Precio de reemplazo Tipo de ítem Koha
    Clasificación decimal universal     Biblioteca del Ateneo de Madrid Biblioteca del Ateneo de Madrid Depósito 1 21/06/2013 Donación   A-12740 1191444 23/02/2023 23/02/2023 Libro impreso